Les pays les moins cosmopolites du Monde - Statistiques

Statistiques générales
  • Ce quiz a été pris 240 fois
  • Le résultat moyen est 7 sur 20
Statistiques - réponses
Position Pays % Correct
1 Corée du Nord
74%
3 Japon
74%
2 Corée du Sud
61%
18 Finlande
48%
14 Norvège
48%
7 Pologne
42%
16 Danemark
36%
6 Portugal
34%
12 Allemagne
30%
20 Australie
29%
15 Autriche
29%
8 Grèce
29%
5 Italie
29%
9 Pays-Bas
26%
10 Yémen
26%
13 Albanie
23%
19 Arménie
20%
4 Tunisie
19%
11 Haïti
15%
17 Paraguay
7%
Aucun quiz correspondant
Distribution des résultats
% des personnes avec chaque résultat
Percentile par nombre de réponses
Votre historique - résultats
Vous n’avez pas pris ce quiz